00441 2200157 4500001002100000005001500021035002000036245007700056100002100133300002800154260004500182082000800227084001400235020002200249990001200271INLIS00000000000316520251126115352 a0010-11250000261 aEnsiklopedia Teknologi Tepat Guna :bMesin dan Robot /cHari Tejalesmana0 aHari Tejalesmana a100 hlm ;c17,5 x 25 cm aJakarta :bPT. Listafariska Putra,c2014 a600 a600 HAR e a978-602-9232-19-6 a0750964